000 00628nam a2200181 a 4500
005 20140412111255.0
008 000816s19uu xx 00 eng d
020 _a0-14-056410-1
050 _aTR(PS E
_bDa12 1996
100 _aWolf, Jake
245 _aDaddy, could I have an elephant? /
_cJake Wolf; illustrations by Marylin Hafner.
260 _aNew York :
_bPuffin Books,
_c1998.
300 _a1 v. (unp.) ; ill.
520 _aDespite his father objections, Tony insists on wanting such impractical pets as an elephant, a phyton, or a flamingo.
650 _aAnimals-Fiction
650 _aPets-Fiction
999 _c103228
_d103228